Yetti, aneb, Záhada před rozřešením /

Hlavní autor: Mareš, Jaroslav, 1937-2021
Jazyk: Čeština
Vydáno: Praha : Anomal, 1991
Vydání: 1. vyd.
Témata:
Externí odkaz: Digitalizovaný dokument
Fyzický popis: 142 s. : il. ; 17 cm
Knihy
Uloženo v:
LEADER 01628nam a22004332a 4500
001 000044290
003 CZ BrMZK
005 20210513103547.0
008 010907s1991 xr f cze d
015 |a cnb000064599 
020 |a 80-900235-1-7  |q (brož.) 
035 |a (OCoLC)32242386 
040 |a ABA001  |b cze  |d BOA001 
072 7 |a 599.89  |x Hominidae. Hominidi - lidé  |2 Konspekt  |9 1 
080 |a 796.5 
080 |a 379.8 
080 |a 1/3+7/9 
100 1 |a Mareš, Jaroslav,  |d 1937-2021  |7 jk01080189  |4 aut 
245 1 0 |a Yetti, aneb, Záhada před rozřešením /  |c Jaroslav Mareš 
246 1 4 |a Yetti 
246 3 3 |a Záhada před rozřešením 
250 |a 1. vyd. 
260 |a Praha :  |b Anomal,  |c 1991 
300 |a 142 s. :  |b il. ;  |c 17 cm 
500 |a Frontispis 
500 |a Ilustr. Eva Listíková, obálka a graf. úprava Karel Wágner 
650 0 7 |a cestování  |7 ph119114  |2 czenas 
650 0 7 |a vědy okultní  |2 czenas 
650 0 7 |a cestování  |2 czenas 
650 0 7 |a okultismus  |7 ph115583  |2 czenas 
655 7 |a reportáže  |7 fd133252  |2 czenas 
856 4 1 |u https://www.digitalniknihovna.cz/mzk/uuid/uuid:55d05fa0-1d2d-11e3-9319-005056827e51  |y Digitalizovaný dokument  |x NDK 
910 |a BOA001  |b 1-0972.104  |b PK-A-0019.820 
920 |a 000480139 
990 |a BK 
900 |a ABA008  |b 15 
996 6 |b 2619709823  |c 1-0972.104  |l MZK  |r Sklad / do 1 hodiny  |n 8  |w 000044290  |u 000030  |a 1  |e BOA001  |j MZK50  |s P 
996 7 |b 3119970136  |c PK-A-0019.820  |l MZK  |r Sklad / do 1 hodiny  |n 1  |w 000044290  |u 000020  |a 1  |e BOA001  |j MZK50  |s A 
996 7 |b 3119985314  |c PK-A-0019.820  |l MZK  |r Sklad / do 1 hodiny  |n 2  |w 000044290  |u 000010  |a 1  |e BOA001  |j MZK50  |s A